Biomasa pro výrobu energie

Saved in:
Bibliographic Details
Main Author: Malaťák, Jan
Other Authors: Vaculík, Petr
Format: Book
Language:Czech
Published: Praha Česká zemědělská univerzita v Praze 2008
Edition:Vyd. 1.
Subjects:
Online Access:View in OPAC
Tags: Add Tag
No Tags, Be the first to tag this record!

MARC

LEADER 00000nam a2200000 a 4500
005 20260127133942.0
008 120725 2012 000 0 cze d
020 |a 9788021318106 
035 |a vtls010438391 
039 9 |a 201906051818  |b AUTHORITY  |c 201906051806  |d AUTHORITY  |c 201207251128  |d mschk03  |y 201207251106  |z mschk03 
040 |a STUSCHK1  |b slo  |c STUSCHK1  |e AACR2 
080 |a 620.92/.95 
080 |a 620.95 
080 |a (048.8) 
100 1 |a Malaťák, Jan  |9 62 
245 1 |a Biomasa pro výrobu energie  |c Jan Malaťák, Petr Vaculík 
250 |a Vyd. 1. 
260 |a Praha  |b Česká zemědělská univerzita v Praze  |c 2008 
300 |a 206 s.  |b il.  |c 25 cm 
650 0 |a fytoenergetika 
650 0 |a biomasa 
650 0 |a fytopaliva 
700 1 |a Vaculík, Petr 
910 |a SCHK95 
919 |a 9788021318106 
999 |c 752  |d 752